[Event "Deutsche Ländermeisterschaft 2025"]
[Site "Oer-Erkenschwick GER"]
[Date "2025.10.04"]
[Round "6"]
[White "Mimkes, Antal"]
[Black "Sommer, Justus"]
[Result "0-1"]
[Termination "normal"]
[Board "5.3"]
[WhiteElo "2116"]
[BlackElo "2111"]
[WhiteClock "00:38:42"]
[BlackClock "00:24:11"]
[WhiteTeam "Niedersachsen"]
[BlackTeam "Schleswig-Holstein"]
[PlyCount "48"]
[WhiteFideId "16265963"]
[BlackFideId "16245008"]
[EventCountry "GER"]
[EventRounds "7"]
[EventType "team-swiss"]
[EventDate "2025.09.30"]

1. e4 {[%clk 01:30:52]} {[%emt 00:00:07]} e5 {[%clk 01:30:50]} {[%emt
00:00:10]} 2. Nf3 {[%clk 01:31:03]} {[%emt 00:00:20]} Nc6 {[%clk 01:31:12]}
{[%emt 00:00:06]} 3. Bb5 {[%clk 01:31:08]} {[%emt 00:00:26]} a6 {[%clk
01:31:33]} {[%emt 00:00:08]} 4. Ba4 {[%clk 01:31:27]} {[%emt 00:00:12]} Nf6
{[%clk 01:31:54]} {[%emt 00:00:07]} 5. d4 {[%clk 01:31:13]} {[%emt 00:00:46]}
exd4 {[%clk 01:30:30]} {[%emt 00:01:54]} 6. O-O {[%clk 01:31:10]} {[%emt
00:00:34]} Be7 {[%clk 01:28:22]} {[%emt 00:02:37]} 7. e5 {[%clk 01:28:36]}
{[%emt 00:03:04]} Ne4 {[%clk 01:27:56]} {[%emt 00:00:56]} 8. Nxd4 {[%clk
01:28:45]} {[%emt 00:00:21]} Nxd4 {[%clk 01:22:05]} {[%emt 00:06:22]} 9. Qxd4
{[%clk 01:28:51]} {[%emt 00:00:23]} Nc5 {[%clk 01:22:27]} {[%emt 00:00:08]} 10.
Nc3 {[%clk 01:27:23]} {[%emt 00:01:59]} O-O {[%clk 01:20:39]} {[%emt 00:02:15]}
11. Nd5 {[%clk 01:22:14]} {[%emt 00:05:42]} d6 {[%clk 01:06:48]} {[%emt
00:14:20]} 12. Be3 {[%clk 00:51:27]} {[%emt 00:31:18]} Nxa4 {[%clk 01:02:28]}
{[%emt 00:04:49]} 13. Qxa4 {[%clk 00:51:19]} {[%emt 00:00:38]} dxe5 {[%clk
00:57:37]} {[%emt 00:05:20]} 14. Rad1 {[%clk 00:50:33]} {[%emt 00:01:17]} Bd6
{[%clk 00:54:56]} {[%emt 00:03:10]} 15. c4 {[%clk 00:50:30]} {[%emt 00:00:34]}
b5 {[%clk 00:52:38]} {[%emt 00:02:48]} 16. cxb5 {[%clk 00:43:41]} {[%emt
00:07:20]} Bd7 {[%clk 00:50:29]} {[%emt 00:02:38]} 17. Nc3 {[%clk 00:43:45]}
{[%emt 00:00:26]} axb5 {[%clk 00:42:52]} {[%emt 00:08:06]} 18. Qb3 {[%clk
00:43:56]} {[%emt 00:00:20]} b4 {[%clk 00:41:25]} {[%emt 00:01:56]} 19. Ne4
{[%clk 00:44:23]} {[%emt 00:00:04]} Ba4 {[%clk 00:40:42]} {[%emt 00:01:12]} 20.
Qd5 {[%clk 00:44:48]} {[%emt 00:00:05]} Bxd1 {[%clk 00:39:56]} {[%emt
00:01:16]} 21. Rxd1 {[%clk 00:45:13]} {[%emt 00:00:06]} Qc8 {[%clk 00:35:50]}
{[%emt 00:04:35]} 22. Nf6+ {[%clk 00:38:28]} {[%emt 00:07:16]} gxf6 {[%clk
00:33:18]} {[%emt 00:03:00]} 23. Bh6 {[%clk 00:38:50]} {[%emt 00:00:09]} Qe6
{[%clk 00:25:07]} {[%emt 00:08:40]} 24. Rd3 {[%clk 00:38:42]} {[%emt 00:00:38]}
e4 {[%clk 00:24:11]} {[%emt 00:01:26]} 0-1

[Event "Deutsche Ländermeisterschaft 2025"]
[Site "Oer-Erkenschwick GER"]
[Date "2025.10.04"]
[Round "6"]
[White "Sasse, Conan"]
[Black "Tarasenko, Nazar"]
[Result "1/2-1/2"]
[Termination "normal"]
[Board "5.4"]
[WhiteElo "1906"]
[BlackElo "2005"]
[WhiteClock "00:20:26"]
[BlackClock "00:17:41"]
[WhiteTeam "Schleswig-Holstein"]
[BlackTeam "Niedersachsen"]
[PlyCount "79"]
[WhiteFideId "34684336"]
[BlackFideId "34161430"]
[EventCountry "GER"]
[EventRounds "7"]
[EventType "team-swiss"]
[EventDate "2025.09.30"]

1. e4 {[%clk 01:30:44]} {[%emt 00:00:16]} c5 {[%clk 01:30:26]} {[%emt
00:00:33]} 2. Nf3 {[%clk 01:30:58]} {[%emt 00:00:17]} d6 {[%clk 01:30:51]}
{[%emt 00:00:05]} 3. d4 {[%clk 01:31:20]} {[%emt 00:00:07]} cxd4 {[%clk
01:31:18]} {[%emt 00:00:03]} 4. Nxd4 {[%clk 01:31:46]} {[%emt 00:00:05]} Nf6
{[%clk 01:31:43]} {[%emt 00:00:04]} 5. Nc3 {[%clk 01:32:12]} {[%emt 00:00:04]}
a6 {[%clk 01:32:10]} {[%emt 00:00:04]} 6. Be3 {[%clk 01:32:30]} {[%emt
00:00:12]} e5 {[%clk 01:32:12]} {[%emt 00:00:28]} 7. Nb3 {[%clk 01:32:54]}
{[%emt 00:00:06]} Be6 {[%clk 01:30:45]} {[%emt 00:01:58]} 8. f3 {[%clk
01:32:33]} {[%emt 00:00:50]} Be7 {[%clk 01:31:01]} {[%emt 00:00:13]} 9. Qd2
{[%clk 01:32:28]} {[%emt 00:00:35]} O-O {[%clk 01:30:12]} {[%emt 00:01:19]} 10.
O-O-O {[%clk 01:32:33]} {[%emt 00:00:26]} Nbd7 {[%clk 01:30:35]} {[%emt
00:00:06]} 11. g4 {[%clk 01:32:26]} {[%emt 00:00:37]} b5 {[%clk 01:30:33]}
{[%emt 00:00:32]} 12. g5 {[%clk 01:32:17]} {[%emt 00:00:39]} Ne8 {[%clk
01:30:28]} {[%emt 00:00:35]} 13. h4 {[%clk 01:31:04]} {[%emt 00:01:43]} b4
{[%clk 01:29:33]} {[%emt 00:01:25]} 14. Ne2 {[%clk 01:31:25]} {[%emt 00:00:09]}
a5 {[%clk 01:27:53]} {[%emt 00:02:10]} 15. Kb1 {[%clk 01:30:23]} {[%emt
00:01:32]} f6 {[%clk 01:21:52]} {[%emt 00:06:30]} 16. f4 {[%clk 01:27:38]}
{[%emt 00:03:16]} Nb6 {[%clk 01:19:36]} {[%emt 00:02:45]} 17. Bxb6 {[%clk
01:17:40]} {[%emt 00:10:28]} Qxb6 {[%clk 01:19:59]} {[%emt 00:00:07]} 18. f5
{[%clk 01:16:51]} {[%emt 00:01:20]} Bxb3 {[%clk 01:16:28]} {[%emt 00:04:00]}
19. cxb3 {[%clk 01:15:41]} {[%emt 00:01:41]} Rd8 {[%clk 01:09:59]} {[%emt
00:06:59]} 20. Ng3 {[%clk 01:09:49]} {[%emt 00:06:21]} d5 {[%clk 01:09:59]}
{[%emt 00:00:31]} 21. exd5 {[%clk 01:07:48]} {[%emt 00:02:31]} Bc5 {[%emt
00:05:07]} 22. Ne4 {[%clk 01:03:17]} {[%emt 00:04:28]} Bd4 {[%clk 00:59:49]}
{[%emt 00:06:36]} 23. Qg2 {[%clk 01:01:52]} {[%emt 00:01:54]} Kh8 {[%emt
00:13:16]} 24. h5 {[%emt 00:01:44]} fxg5 {[%emt 00:07:40]} 25. Qxg5 {[%clk
00:45:43]} {[%emt 00:00:22]} h6 {[%clk 00:53:24]} {[%emt 00:02:02]} 26. Qg6
{[%emt 00:08:30]} Qxg6 {[%clk 00:48:54]} {[%emt 00:00:11]} 27. fxg6 {[%clk
00:42:56]} {[%emt 00:00:06]} Rxd5 {[%clk 00:42:01]} {[%emt 00:07:23]} 28. Bg2
{[%clk 00:37:29]} {[%emt 00:05:58]} Rd8 {[%clk 00:42:19]} {[%emt 00:00:12]} 29.
Rhf1 {[%clk 00:36:38]} {[%emt 00:01:20]} Nf6 {[%clk 00:28:15]} {[%emt
00:14:34]} 30. Nxf6 {[%clk 00:36:18]} {[%emt 00:00:50]} gxf6 {[%clk 00:27:58]}
{[%emt 00:00:46]} 31. Be4 {[%clk 00:36:07]} {[%emt 00:00:40]} Kg7 {[%clk
00:26:09]} {[%emt 00:02:18]} 32. Rc1 {[%clk 00:31:04]} {[%emt 00:05:34]} Rd7
{[%clk 00:26:33]} {[%emt 00:00:07]} 33. Rc6 {[%clk 00:30:38]} {[%emt 00:00:55]}
Be3 {[%clk 00:22:14]} {[%emt 00:04:50]} 34. Bf5 {[%clk 00:30:12]} {[%emt
00:00:56]} Ra7 {[%clk 00:21:43]} {[%emt 00:01:00]} 35. Rd1 {[%clk 00:29:44]}
{[%emt 00:00:58]} Bd4 {[%clk 00:21:42]} {[%emt 00:00:31]} 36. Rdc1 {[%clk
00:29:39]} {[%emt 00:00:35]} Re8 {[%clk 00:19:41]} {[%emt 00:02:31]} 37. Be4
{[%clk 00:28:45]} {[%emt 00:01:24]} Rd8 {[%clk 00:17:08]} {[%emt 00:03:03]} 38.
Bf5 {[%clk 00:28:04]} {[%emt 00:01:12]} Re8 {[%clk 00:17:18]} {[%emt 00:00:20]}
39. Be4 {[%clk 00:27:43]} {[%emt 00:00:51]} Rd8 {[%clk 00:17:41]} {[%emt
00:00:07]} 40. Bf5 {[%clk 00:20:26]} {[%emt 00:07:47]} 1/2-1/2

[Event "Deutsche Ländermeisterschaft 2025"]
[Site "Oer-Erkenschwick GER"]
[Date "2025.10.04"]
[Round "6"]
[White "Bundan, Edward"]
[Black "Aguike, Toshiya"]
[Result "1-0"]
[Termination "normal"]
[Board "5.5"]
[WhiteElo "1939"]
[BlackElo "1897"]
[WhiteClock "00:55:07"]
[BlackClock "00:03:12"]
[WhiteTeam "Niedersachsen"]
[BlackTeam "Schleswig-Holstein"]
[PlyCount "145"]
[WhiteFideId "34603042"]
[BlackFideId "34611347"]
[EventCountry "GER"]
[EventRounds "7"]
[EventType "team-swiss"]
[EventDate "2025.09.30"]

1. d4 {[%clk 01:30:59]} {[%emt 14:06:21]} Nf6 {[%clk 01:29:03]} {[%emt
00:01:57]} 2. c4 {[%clk 01:31:21]} {[%emt 00:00:08]} g6 {[%clk 01:29:19]}
{[%emt 00:00:14]} 3. Nf3 {[%clk 01:31:43]} {[%emt 00:00:09]} Bg7 {[%clk
01:29:39]} {[%emt 00:00:09]} 4. g3 {[%clk 01:32:08]} {[%emt 00:00:06]} O-O
{[%clk 01:28:58]} {[%emt 00:01:10]} 5. Bg2 {[%clk 01:32:35]} {[%emt 00:00:03]}
c6 {[%clk 01:29:19]} {[%emt 00:00:07]} 6. O-O {[%clk 01:32:42]} {[%emt
00:00:24]} d5 {[%clk 01:27:20]} {[%emt 00:02:30]} 7. Nc3 {[%clk 01:31:29]}
{[%emt 00:01:43]} h6 {[%clk 01:17:40]} {[%emt 00:10:10]} 8. Ne5 {[%clk
01:30:12]} {[%emt 00:01:46]} e6 {[%clk 01:13:57]} {[%emt 00:04:13]} 9. f4
{[%clk 01:29:15]} {[%emt 00:01:28]} Nbd7 {[%clk 01:13:08]} {[%emt 00:01:19]}
10. c5 {[%clk 01:27:02]} {[%emt 00:02:43]} Nxe5 {[%clk 01:11:51]} {[%emt
00:01:44]} 11. fxe5 {[%clk 01:27:22]} {[%emt 00:00:12]} Nd7 {[%clk 01:12:11]}
{[%emt 00:00:10]} 12. e4 {[%clk 01:26:32]} {[%emt 00:01:21]} Nb8 {[%clk
01:05:31]} {[%emt 00:07:10]} 13. Rb1 {[%clk 01:24:40]} {[%emt 00:02:21]} Qd7
{[%clk 00:53:42]} {[%emt 00:12:19]} 14. Be3 {[%clk 01:24:25]} {[%emt 00:00:46]}
Na6 {[%clk 00:46:37]} {[%emt 00:07:33]} 15. b4 {[%clk 01:24:14]} {[%emt
00:00:42]} Nc7 {[%clk 00:46:19]} {[%emt 00:00:48]} 16. exd5 {[%clk 01:23:43]}
{[%emt 00:01:01]} Nxd5 {[%clk 00:45:00]} {[%emt 00:01:49]} 17. Nxd5 {[%clk
01:24:01]} {[%emt 00:00:13]} exd5 {[%clk 00:44:35]} {[%emt 00:00:55]} 18. Qd2
{[%clk 01:23:50]} {[%emt 00:00:41]} Kh7 {[%clk 00:43:24]} {[%emt 00:01:40]} 19.
Rf4 {[%clk 01:22:47]} {[%emt 00:01:34]} g5 {[%clk 00:36:28]} {[%emt 00:07:26]}
20. Rf2 {[%clk 01:21:38]} {[%emt 00:01:38]} a5 {[%clk 00:34:00]} {[%emt
00:02:59]} 21. bxa5 {[%clk 01:21:31]} {[%emt 00:00:37]} Qe6 {[%clk 00:33:38]}
{[%emt 00:00:52]} 22. Bf1 {[%clk 01:21:05]} {[%emt 00:00:55]} Re8 {[%clk
00:27:07]} {[%emt 00:07:01]} 23. Bd3+ {[%clk 01:20:59]} {[%emt 00:00:37]} Kg8
{[%clk 00:27:06]} {[%emt 00:00:31]} 24. Bf5 {[%clk 01:20:01]} {[%emt 00:01:29]}
Qe7 {[%clk 00:27:11]} {[%emt 00:00:24]} 25. Bxc8 {[%clk 01:16:32]} {[%emt
00:03:59]} Raxc8 {[%clk 00:25:22]} {[%emt 00:02:18]} 26. Qd3 {[%clk 01:11:23]}
{[%emt 00:05:38]} Rc7 {[%clk 00:20:02]} {[%emt 00:05:51]} 27. Bd2 {[%clk
01:10:22]} {[%emt 00:01:30]} Qe6 {[%clk 00:14:34]} {[%emt 00:05:59]} 28. Rbf1
{[%clk 01:08:59]} {[%emt 00:01:53]} Qg6 {[%clk 00:13:39]} {[%emt 00:01:25]} 29.
Qxg6 {[%clk 01:08:33]} {[%emt 00:00:57]} fxg6 {[%clk 00:12:36]} {[%emt
00:01:33]} 30. Rb1 {[%clk 01:08:37]} {[%emt 00:00:26]} Ra8 {[%clk 00:10:23]}
{[%emt 00:02:42]} 31. Bc3 {[%clk 01:07:56]} {[%emt 00:01:12]} Re7 {[%clk
00:06:52]} {[%emt 00:04:01]} 32. Rb6 {[%clk 01:08:12]} {[%emt 00:00:14]} g4
{[%clk 00:03:41]} {[%emt 00:03:41]} 33. Kg2 {[%clk 01:06:36]} {[%emt 00:02:06]}
Ra7 {[%clk 00:02:46]} {[%emt 00:01:23]} 34. Rfb2 {[%clk 01:04:38]} {[%emt
00:02:29]} Rc7 {[%clk 00:01:26]} {[%emt 00:01:49]} 35. a6 {[%clk 01:04:33]}
{[%emt 00:00:36]} Rxa6 {[%clk 00:00:42]} {[%emt 00:01:14]} 36. Rxa6 {[%clk
01:04:56]} {[%emt 00:00:07]} bxa6 {[%clk 00:01:06]} {[%emt 00:00:05]} 37. Rb6
{[%clk 01:05:16]} {[%emt 00:00:11]} Kf7 {[%clk 00:01:27]} {[%emt 00:00:09]} 38.
Rxa6 {[%clk 01:05:29]} {[%emt 00:00:17]} Ke6 {[%clk 00:01:53]} {[%emt
00:00:03]} 39. Ba5 {[%clk 01:05:07]} {[%emt 00:00:52]} Rc8 {[%clk 00:02:11]}
{[%emt 00:00:12]} 40. Ra7 {[%clk 01:05:17]} {[%emt 00:00:21]} Bf8 {[%clk
00:02:31]} {[%emt 00:00:10]} 41. Bb6 {[%clk 01:04:24]} {[%emt 00:01:23]} Kf5
{[%clk 00:01:24]} {[%emt 00:01:37]} 42. Rc7 {[%clk 01:03:32]} {[%emt 00:01:21]}
Ra8 {[%clk 00:01:20]} {[%emt 00:00:34]} 43. a4 {[%clk 01:03:53]} {[%emt
00:00:10]} Rxa4 {[%clk 00:01:20]} {[%emt 00:00:29]} 44. Rf7+ {[%clk 01:04:17]}
{[%emt 00:00:06]} Ke4 {[%clk 00:00:36]} {[%emt 00:01:15]} 45. Rxf8 {[%clk
01:04:41]} {[%emt 00:00:06]} Ke3 {[%clk 00:01:00]} {[%emt 00:00:04]} 46. Rf2
{[%clk 01:04:15]} {[%emt 00:00:57]} Rxd4 {[%clk 00:01:18]} {[%emt 00:00:12]}
47. Bc7 {[%clk 01:03:44]} {[%emt 00:01:02]} g5 {[%clk 00:29:15]} {[%emt
00:02:33]} 48. Bd6 {[%clk 01:32:46]} {[%emt 00:01:28]} Re4 {[%clk 00:27:24]}
{[%emt 00:02:20]} 49. Rf1 {[%clk 01:32:21]} {[%emt 00:00:52]} Kd3 {[%clk
00:26:23]} {[%emt 00:01:35]} 50. Bc7 {[%clk 01:31:08]} {[%emt 00:01:43]} d4
{[%clk 00:23:22]} {[%emt 00:03:31]} 51. Ra1 {[%clk 01:28:13]} {[%emt 00:03:22]}
Kc2 {[%clk 00:17:42]} {[%emt 00:06:11]} 52. Ra2+ {[%clk 01:23:26]} {[%emt
00:05:18]} Kb3 {[%clk 00:15:52]} {[%emt 00:02:21]} 53. Rd2 {[%clk 01:23:28]}
{[%emt 00:00:28]} Kc4 {[%clk 00:11:29]} {[%emt 00:04:53]} 54. Kf2 {[%clk
01:23:15]} {[%emt 00:00:42]} d3 {[%clk 00:07:40]} {[%emt 00:04:20]} 55. Rd1
{[%clk 00:57:33]} {[%emt 00:26:12]} Re2+ {[%clk 00:04:02]} {[%emt 00:04:08]}
56. Kf1 {[%clk 00:53:55]} {[%emt 00:04:07]} Rxh2 {[%clk 00:01:44]} {[%emt
00:02:48]} 57. Re1 {[%clk 00:53:43]} {[%emt 00:00:43]} Rh1+ {[%clk 00:00:49]}
{[%emt 00:01:24]} 58. Kf2 {[%clk 00:54:05]} {[%emt 00:00:08]} Rh2+ {[%clk
00:01:10]} {[%emt 00:00:09]} 59. Ke3 {[%clk 00:52:17]} {[%emt 00:02:14]} Kd5
{[%clk 00:00:55]} {[%emt 00:00:49]} 60. Kxd3 {[%clk 00:52:24]} {[%emt
00:00:24]} Ke6 {[%clk 00:01:01]} {[%emt 00:00:23]} 61. Rf1 {[%clk 00:52:26]}
{[%emt 00:00:28]} Rg2 {[%clk 00:00:52]} {[%emt 00:00:40]} 62. Rf6+ {[%clk
00:52:21]} {[%emt 00:00:34]} Kd7 {[%clk 00:00:42]} {[%emt 00:00:40]} 63. Bd6
{[%clk 00:52:40]} {[%emt 00:00:11]} Rxg3+ {[%clk 00:00:43]} {[%emt 00:00:28]}
64. Ke4 {[%clk 00:52:39]} {[%emt 00:00:31]} Rf3 {[%clk 00:01:00]} {[%emt
00:00:13]} 65. e6+ {[%clk 00:52:45]} {[%emt 00:00:24]} Ke8 {[%clk 00:00:53]}
{[%emt 00:00:38]} 66. Rxh6 {[%clk 00:52:49]} {[%emt 00:00:26]} Rf8 {[%clk
00:00:48]} {[%emt 00:00:34]} 67. Bxf8 {[%clk 00:53:12]} {[%emt 00:00:08]} Kxf8
{[%clk 00:01:14]} {[%emt 00:00:03]} 68. Rg6 {[%clk 00:53:28]} {[%emt 00:00:15]}
Ke7 {[%clk 00:01:35]} {[%emt 00:00:09]} 69. Ke5 {[%clk 00:53:52]} {[%emt
00:00:06]} g3 {[%clk 00:02:00]} {[%emt 00:00:04]} 70. Rxg5 {[%clk 00:54:18]}
{[%emt 00:00:05]} g2 {[%clk 00:02:25]} {[%emt 00:00:05]} 71. Rxg2 {[%clk
00:54:44]} {[%emt 00:00:04]} Kf8 {[%clk 00:02:46]} {[%emt 00:00:08]} 72. Kf6
{[%clk 00:55:07]} {[%emt 00:00:07]} Ke8 {[%clk 00:03:12]} {[%emt 00:00:03]} 73.
Rg8# {[%emt 00:00:14]} 1-0

[Event "Deutsche Ländermeisterschaft 2025"]
[Site "Oer-Erkenschwick GER"]
[Date "2025.10.04"]
[Round "6"]
[White "Kopylov, Diana"]
[Black "Oellrich, Emma"]
[Result "0-1"]
[Termination "normal"]
[Board "5.6"]
[WhiteElo "1836"]
[BlackElo "1764"]
[WhiteClock "00:02:09"]
[BlackClock "00:28:26"]
[WhiteTeam "Schleswig-Holstein"]
[BlackTeam "Niedersachsen"]
[PlyCount "82"]
[WhiteFideId "16268865"]
[BlackFideId "16268806"]
[EventCountry "GER"]
[EventRounds "7"]
[EventType "team-swiss"]
[EventDate "2025.09.30"]

1. e4 {[%clk 01:30:59]} {[%emt 00:00:01]} e6 {[%clk 01:30:55]} {[%emt
00:00:05]} 2. d4 {[%clk 01:31:21]} {[%emt 00:00:08]} d5 {[%clk 01:31:21]}
{[%emt 00:00:04]} 3. Nd2 {[%clk 01:31:46]} {[%emt 00:00:05]} c5 {[%clk
01:31:29]} {[%emt 00:00:22]} 4. Ngf3 {[%clk 01:32:10]} {[%emt 00:00:06]} cxd4
{[%clk 01:31:46]} {[%emt 00:00:13]} 5. Nxd4 {[%clk 01:32:32]} {[%emt 00:00:08]}
Nc6 {[%clk 01:31:53]} {[%emt 00:00:24]} 6. Bb5 {[%clk 01:32:51]} {[%emt
00:00:10]} Bd7 {[%clk 01:32:18]} {[%emt 00:00:05]} 7. Nxc6 {[%clk 01:33:16]}
{[%emt 00:00:06]} bxc6 {[%clk 01:32:38]} {[%emt 00:00:10]} 8. Bd3 {[%clk
01:33:40]} {[%emt 00:00:06]} Bd6 {[%clk 01:30:38]} {[%emt 00:02:29]} 9. Qe2
{[%clk 01:29:13]} {[%emt 00:04:57]} Qc7 {[%clk 01:28:20]} {[%emt 00:02:47]} 10.
Nf3 {[%clk 01:28:20]} {[%emt 00:01:24]} f6 {[%clk 01:23:23]} {[%emt 00:05:27]}
11. O-O {[%clk 01:23:37]} {[%emt 00:05:12]} Ne7 {[%clk 01:22:13]} {[%emt
00:01:40]} 12. c4 {[%clk 01:21:22]} {[%emt 00:02:45]} O-O {[%clk 01:21:01]}
{[%emt 00:01:43]} 13. Bd2 {[%clk 01:17:58]} {[%emt 00:03:54]} a5 {[%clk
01:15:31]} {[%emt 00:06:00]} 14. Rac1 {[%clk 01:14:13]} {[%emt 00:04:14]} dxe4
{[%clk 01:05:40]} {[%emt 00:10:21]} 15. Qxe4 {[%clk 01:06:55]} {[%emt
00:07:48]} f5 {[%clk 01:04:56]} {[%emt 00:01:14]} 16. Qe2 {[%clk 01:02:29]}
{[%emt 00:04:56]} c5 {[%clk 01:03:24]} {[%emt 00:02:03]} 17. Bc3 {[%clk
00:57:45]} {[%emt 00:05:14]} Ng6 {[%clk 00:54:12]} {[%emt 00:09:41]} 18. g3
{[%clk 00:53:33]} {[%emt 00:04:42]} e5 {[%clk 00:49:19]} {[%emt 00:05:25]} 19.
Ng5 {[%clk 00:42:26]} {[%emt 00:11:36]} h6 {[%clk 00:45:42]} {[%emt 00:04:07]}
20. Qh5 {[%clk 00:35:45]} {[%emt 00:07:11]} Ne7 {[%clk 00:29:52]} {[%emt
00:16:20]} 21. Nh3 {[%clk 00:30:30]} {[%emt 00:05:44]} Nc6 {[%clk 00:26:49]}
{[%emt 00:03:34]} 22. f4 {[%clk 00:13:08]} {[%emt 00:17:51]} Be8 {[%clk
00:20:53]} {[%emt 00:06:26]} 23. Qd1 {[%clk 00:10:57]} {[%emt 00:02:41]} e4
{[%clk 00:20:47]} {[%emt 00:00:36]} 24. Bxe4 {[%clk 00:08:59]} {[%emt
00:02:28]} fxe4 {[%clk 00:21:09]} {[%emt 00:00:08]} 25. Qd5+ {[%clk 00:09:19]}
{[%emt 00:00:10]} Bf7 {[%clk 00:21:07]} {[%emt 00:00:32]} 26. Qxe4 {[%clk
00:09:04]} {[%emt 00:00:46]} Rfe8 {[%clk 00:21:02]} {[%emt 00:00:35]} 27. Qf3
{[%clk 00:06:34]} {[%emt 00:02:59]} Bxc4 {[%clk 00:19:25]} {[%emt 00:02:07]}
28. Rf2 {[%clk 00:05:13]} {[%emt 00:01:51]} Bb5 {[%clk 00:12:28]} {[%emt
00:07:27]} 29. Qd5+ {[%clk 00:03:29]} {[%emt 00:02:14]} Kh7 {[%clk 00:11:03]}
{[%emt 00:01:51]} 30. Qf5+ {[%clk 00:02:06]} {[%emt 00:01:57]} Kg8 {[%clk
00:08:29]} {[%emt 00:03:04]} 31. Qd5+ {[%clk 00:02:27]} {[%emt 00:00:09]} Kf8
{[%clk 00:06:59]} {[%emt 00:02:00]} 32. f5 {[%clk 00:01:51]} {[%emt 00:01:06]}
Ne7 {[%clk 00:06:07]} {[%emt 00:01:23]} 33. Qf3 {[%clk 00:00:37]} {[%emt
00:01:44]} Be5 {[%clk 00:03:18]} {[%emt 00:03:18]} 34. f6 {[%clk 00:00:47]}
{[%emt 00:00:20]} gxf6 {[%clk 00:03:39]} {[%emt 00:00:09]} 35. Qh5 {[%clk
00:00:53]} {[%emt 00:00:24]} Ng8 {[%clk 00:03:40]} {[%emt 00:00:29]} 36. Bxe5
{[%clk 00:00:35]} {[%emt 00:00:49]} Qxe5 {[%clk 00:03:31]} {[%emt 00:00:39]}
37. Rxc5 {[%clk 00:00:37]} {[%emt 00:00:27]} Qxh5 {[%clk 00:03:16]} {[%emt
00:00:45]} 38. Rxh5 {[%clk 00:01:06]} Re1+ {[%clk 00:03:36]} {[%emt 00:00:10]}
39. Kg2 {[%clk 00:01:21]} {[%emt 00:00:16]} Bc6+ {[%clk 00:04:00]} {[%emt
00:00:04]} 40. Rf3 {[%clk 00:01:42]} {[%emt 00:00:10]} Bxf3+ {[%clk 00:03:58]}
{[%emt 00:00:33]} 41. Kxf3 {[%clk 00:02:09]} {[%emt 00:00:03]} Kg7 {[%clk
00:28:26]} {[%emt 00:06:02]} 0-1